Największe miasta świata - Statystyki

Ogólne statystyki
  • Ten quiz został rozwiązany 532 razy
  • Średni wynik to 19 z 50
Statystyki odpowiedzi
populacja obszar miejski % Poprawnych
40.8 mln Tokio
94%
23.1 mln Nowy Jork
90%
18.8 mln Moskwa
89%
20.9 mln Pekin
86%
14.8 mln Londyn
84%
11.4 mln Paryż
80%
17.7 mln Los Angeles
72%
24.9 mln Meksyk
71%
40.0 mln Szanghaj
67%
22.2 mln Kair
66%
16.1 mln Stambuł
66%
33.4 mln Delhi
64%
24.9 mln Seul
60%
13.4 mln Rio de Janeiro
59%
16.7 mln Buenos Aires
57%
28.9 mln Dżakarta
53%
23.0 mln São Paulo
52%
9.90 mln Chicago
50%
20.5 mln Bangkok
46%
21.4 mln Lagos
42%
17.7 mln Osaka
42%
10.2 mln Bogota
41%
16.2 mln Teheran
39%
67.8 mln Kanton / Shenzhen
38%
26.7 mln Manila
37%
11.8 mln Wuhan
36%
21.3 mln Dhaka
34%
11.6 mln Lima
33%
14.8 mln Johannesburg
31%
9.15 mln Rijad
30%
15.0 mln Kinszasa
26%
19.1 mln Karaczi
20%
17.4 mln Kolkata
19%
26.6 mln Mumbai
19%
9.20 mln Tajpej
19%
10.5 mln Chongqing
17%
12.3 mln Xi'an
17%
13.5 mln Ho Chi Minh
14%
16.6 mln Chengdu
13%
10.5 mln Nagoja
10%
11.4 mln Tiencin
10%
14.4 mln Lahaur
8%
13.7 mln Bengaluru
7%
14.5 mln Xiamen
6%
11.1 mln Hajdarabad
5%
13.4 mln Hangzhou
5%
12.2 mln Chennai
4%
9.30 mln Ahmadabad
3%
9.45 mln Zhengzhou
2%
10.5 mln Changsha
1%
Nie znaleziono quizów pasujących do podanych kryteriów
Rozkład punktacji
Procent ludzi z każdym wynikiem
Percentyl według liczby udzielonych odpowiedzi
Twoja historia wyników
Nie rozwiązałeś tego quizu